00673 a2200169 45000010006000000050017000060080041000230030015000640400040000790800086001192450056002052640054002613000025003155050128003400410008004681000027004764170220260407155709.0260407a1978 arg spa dAR-UNSa-BCEJYS aAR-UNSa-BCEJYSbspacAR-UNSa-BCEJYS a347.518xResponsabilidad por daños causados por bienes muebles. Por vehículos10aEfectos jurídicos de los accidentes de tránsito 1aBuenos Aires :bEdiciones Jurídicas Arielc1978 axxii, 435 p.c23 cm. a1. Normas de ciculación - 2. Elementos de la circulación - 3. Accidentes de la circulación - 4. Seguro de automotores aspa1 aMeilij, Gustavo Raúl